00428nam a2200169 a 4500001001300000003000900013005001700022008004100039020001000080082001600090245002400106260004200130300000900172500003500181505001700216710002500233nice12345678IN_TiNIC20260116015108.0050524s1994 teha grp 000 0 eng  ac10000a303.66bBAL aSteps Towards Peace aTehranbadbAl-Balagh Foundationc1994 a112p aincludes index and biblioraphy2 abibliography2 aAl-Balagh Foundation